000 00713nam a22002057a 4500
999 _c20849
_d20849
003 AR-CdUCM
008 190606b ||||| |||| 00| 0 spa d
040 _aMUNICIPALIDAD PROVINCIAL DEL CUSCO
_cBIBLIOTECA MUNICIPAL DEL CUSCO
082 _a372.800 /
_bSU96
100 _aSusi
_943534
245 _aGran enciclopedia de los pequeños 2 /
260 _aBuenos Aires :
_bLa encina,
_c1965.
300 _bIlustraciones,
_c32 cm.
505 _aContenido : Trabajos y trabajitos -- Mi barrio y mi ciudad -- Mi escuela -- Un paseito por la tierra -- Mi casa -- Perros y perritos...
650 _aLiteratura infantil
_9588
650 _aCuentos
_9217
700 _aAgi
_943535
942 _2ddc
_cLIBROS
945 _arcc